000 01139cam a22002054a 4500
005 20250605164130.0
008 250528s ||||||||||||||||||||||||d
035 _a18600
020 _a30140684
040 _aGR-AtMCL
_bgre
_dGR-AtMCL
_eAACR2
245 1 _aFundamentals of Human Sexuality / Fifth Edition
250 _a5th
260 _bHolt, Rinehart And Winston,
_c1972
300 _a762
520 _aPreface, Learning about Sexuality, Sexual Structure and Function, Sexual Anatomy, Sexual Physiology, Sex Hormones, Sexual Health and Illness, Sexual Reproduction, Pregnancy and Childbirth, Contraception and Abortion, Sexual Development, Sexual Development in Childhood, Sexuality in Adolescence and Adulthood, Gender and Sexuality, Varieties of Sexual Experience, Sexual Intimacy and Love, Marriage and Its Alternatives, Sexual Exploitation, Sexual Aggression, Sex and Society, Sexuality in Historical Perspective, Sexuality in Cultural Perspective, Sex and the Law, Sex and Morality, Glossary, References, Subject and Name Index.
700 1 _aKatchadourian Herant
_94863
942 _cBK
999 _c3949
_d3949